The PII market and how it affects you (Record no. 73798)

MARC details
000 -LEADER
fixed length control field 00871cam a2200193 4500
008 - FIXED-LENGTH DATA ELEMENTS--GENERAL INFORMATION
fixed length control field 031117n2003 000 0 eng u
035 ## - SYSTEM CONTROL NUMBER
System control number (Sirsi) u124356
100 ## - MAIN ENTRY--PERSONAL NAME
Personal name Hastings, E.
245 #4 - TITLE STATEMENT
Title The PII market and how it affects you
260 ## - PUBLICATION, DISTRIBUTION, ETC.
Date of publication, distribution, etc. 2003
490 ## - SERIES STATEMENT
Series statement RICS Building Surveying Faculty: The Journal
Volume/sequential designation (8) October/November 2003, 9(1)
520 ## - SUMMARY, ETC.
Summary, etc. Answers some of the most frequently asked questions about professional indemnity insurance. Warns of increasing insurance premiums. Suggests surveyors financially prepare themselves for increasing prices and gives some solutions for surveyors who cannot get cover such as the RICS Assigned Risks Pool. View at www.rics.org/bs.
590 ## - LOCAL NOTE (RLIN)
Local note ABS
650 ## - SUBJECT ADDED ENTRY--TOPICAL TERM
Topical term or geographic name entry element ASSIGNED RISKS POOL
650 ## - SUBJECT ADDED ENTRY--TOPICAL TERM
Topical term or geographic name entry element PROFESSIONAL INDEMNITY INSURANCE
650 ## - SUBJECT ADDED ENTRY--TOPICAL TERM
Topical term or geographic name entry element INSURANCE PREMIUMS
690 ## - LOCAL SUBJECT ADDED ENTRY--TOPICAL TERM (OCLC, RLIN)
Topical term or geographic name as entry element Insurance
9 (RLIN) 6249
942 ## - ADDED ENTRY ELEMENTS (KOHA)
Suppress in OPAC 0
Holdings
Withdrawn status Lost status Source of classification or shelving scheme Damaged status Not for loan Home library Current library Shelving location Date acquired Total Checkouts Full call number Barcode Date last seen Copy number Price effective from Koha item type
    Dewey Decimal Classification     London London Journal article 17/11/2003   ABS67264 124356-1001 06/08/2019 1 06/08/2019 Journal article